[Event "XIX C.to Italiano U20"]
[Site "Montecatini Terme ITA"]
[Date "2011.08.03"]
[Round "5"]
[White "Puleo, Diego"]
[Black "Palazzotto, Roberto"]
[WhiteElo "2014"]
[BlackElo "1914"]
[Result "0-1"]
[PlyCount "144"]
[EventDate "2011.07.31"]

1. c4 c6 2. e4 d5 3. exd5 cxd5 4. d4 e6 5. Nc3 Nf6 6. Nf3 Nc6 7. a3 Be7 8. Bd3
dxc4 9. Bxc4 O-O 10. O-O a6 11. Be3 b5 12. Bd3 Bb7 13. Qe2 Rc8 14. Rad1 Qc7 15.
Ng5 Rfd8 16. Bb1 Bd6 17. f4 Ne7 18. Nce4 Nxe4 19. Bxe4 Bxe4 20. Nxe4 Nd5 21.
Rc1 Qb8 22. Nc5 Bxc5 23. dxc5 Qc7 24. b4 a5 25. Bd2 axb4 26. axb4 Qc6 27. f5
Re8 28. fxe6 Rxe6 29. Qf2 Rf6 30. Qd4 Rg6 31. g3 Re6 32. Rce1 Rxe1 33. Rxe1 Ra8
34. Re5 Nf6 35. Bc3 h6 36. Re1 Ra2 37. Bb2 Qd5 38. Re8+ Kh7 39. Rd8 Qb3 40. Bc1
Qb1 41. Qd3+ Qxd3 42. Rxd3 Ra1 43. Rd1 Nd5 44. Rxd5 Rxc1+ 45. Kf2 Rc4 46. c6
Rxc6 47. Rxb5 Rc2+ 48. Kg1 Rb2 49. Rb8 g5 50. b5 Kg6 51. b6 Kf5 52. b7 Kg4 53.
Kf1 Kf3 54. Ke1 Kg2 55. Rh8 Rxb7 56. Rxh6 f5 57. Rg6 g4 58. Rh6 Rb1+ 59. Ke2
Rh1 60. Rh5 Rxh2 61. Rxf5 Kxg3+ 62. Kf1 Rh1+ 63. Ke2 Ra1 64. Rf8 Kh3 65. Rh8+
Kg2 66. Rg8 g3 67. Re8 Ra7 68. Rh8 Re7+ 69. Kd1 Kg1 70. Kd2 g2 71. Kd3 Re5 72.
Kd2 Kf2 0-1

[Event "XIX C.to Italiano U20"]
[Site "Montecatini Terme ITA"]
[Date "2011.08.04"]
[Round "6"]
[White "Caprio, Guido"]
[Black "De Filomeno, Simone"]
[WhiteElo "2312"]
[BlackElo "2300"]
[Result "1-0"]
[PlyCount "55"]
[EventDate "2011.07.31"]

1. e4 c5 2. Nf3 Nc6 3. c3 Nf6 4. e5 Nd5 5. d4 cxd4 6. cxd4 d6 7. Bc4 e6 8. a3
Be7 9. O-O O-O 10. Qe2 Nb6 11. Bd3 dxe5 12. dxe5 Nd4 13. Nxd4 Qxd4 14. Rd1 Qh4
15. Be4 Rd8 16. Nc3 Rxd1+ 17. Qxd1 Nd7 18. Bxb7 Bxb7 19. Qxd7 Bxg2 20. Kxg2
Qg4+ 21. Kf1 Rd8 22. Qa4 Qh3+ 23. Kg1 Bc5 24. Bf4 h5 25. Rd1 Qg4+ 26. Bg3 Bd4
27. Kg2 h4 28. h3 1-0

[Event "XIX C.to Italiano U20"]
[Site "Montecatini Terme ITA"]
[Date "2011.08.04"]
[Round "6"]
[White "Gallucci, Alessio"]
[Black "Codenotti, Marco"]
[WhiteElo "2213"]
[BlackElo "2323"]
[Result "0-1"]
[PlyCount "74"]
[EventDate "2011.07.31"]

1. e4 c5 2. Nf3 d6 3. b4 cxb4 4. d4 Nf6 5. Bd3 Bg4 6. e5 Nd5 7. c4 bxc3 8. e6
fxe6 9. Qb3 Bxf3 10. gxf3 Qb6 11. Qd1 Nc6 12. Na3 Qxd4 13. Rb1 Ndb4 14. Bg6+
hxg6 15. Qxd4 Nxd4 16. Rxb4 Nxf3+ 17. Ke2 Rh3 18. Be3 e5 19. Rxb7 d5 20. Bxa7
d4 21. Nb5 Rd8 22. Kd3 Nd2+ 23. Kc2 Ne4 24. a4 Nxf2 25. Rf1 d3+ 26. Kb3 d2 27.
Bxf2 Rf3 28. Nxc3 d1=Q+ 29. Rxd1 Rxd1 30. Bb6 Rc1 31. Rb8+ Kf7 32. Rc8 Rb1+ 33.
Kc4 Rxb6 34. a5 Rb2 35. a6 e6 36. Rc7+ Kg8 37. Rb7 Rxb7 0-1

[Event "XIX C.to Italiano U20"]
[Site "Montecatini Terme ITA"]
[Date "2011.08.04"]
[Round "6"]
[White "Maurizio, Antonio"]
[Black "Guidi, Giacomo G."]
[WhiteElo "2001"]
[BlackElo "1983"]
[Result "1-0"]
[PlyCount "80"]
[EventDate "2011.07.31"]

1. d4 f5 2. Nf3 Nf6 3. c4 e6 4. g3 Be7 5. Bg2 O-O 6. O-O d6 7. Nc3 Qe8 8. Re1
Qg6 9. Qc2 Ne4 10. Nd2 Nxc3 11. bxc3 e5 12. c5 Nc6 13. d5 Nd8 14. cxd6 cxd6 15.
c4 Nf7 16. Bb2 Qh6 17. Nf3 f4 18. c5 Qh5 19. gxf4 Bh3 20. Bxh3 Qxh3 21. Qd3 Nh6
22. Nxe5 Qh5 23. Qf3 Qh4 24. Nd3 Rf7 25. Qg3 Qh5 26. e4 dxc5 27. Ne5 Rf6 28.
Kh1 Bd6 29. Rg1 g6 30. Nd7 Rxf4 31. Qxf4 Bxf4 32. Nf6+ Kf7 33. Nxh5 gxh5 34.
Rg7+ Kf8 35. Rxh7 Re8 36. Bg7+ Kg8 37. Rh8+ Kf7 38. Bxh6 Bxh6 39. Rxh6 Rxe4 40.
Rd1 c4 1-0

[Event "XIX C.to Italiano U20"]
[Site "Montecatini Terme ITA"]
[Date "2011.08.04"]
[Round "6"]
[White "Morello, Guido"]
[Black "Sagripanti, Michele"]
[WhiteElo "1942"]
[BlackElo "1990"]
[Result "0-1"]
[PlyCount "100"]
[EventDate "2011.07.31"]

1. e4 e6 2. d4 d5 3. e5 c5 4. c3 Nc6 5. Nf3 Qb6 6. Bd3 Bd7 7. dxc5 Bxc5 8. b4
Be7 9. a4 f6 10. a5 Qc7 11. Bf4 Qd8 12. a6 b6 13. Qe2 fxe5 14. Nxe5 Nxe5 15.
Bxe5 Nf6 16. Nd2 O-O 17. g4 Be8 18. h4 Bd6 19. f4 Qc7 20. Rc1 Nd7 21. Nf3 Nxe5
22. fxe5 Bxb4 23. Kd2 Ba3 24. Rc2 Bc5 25. Bxh7+ Kxh7 26. Ng5+ Kg8 27. Nxe6 Qf7
28. Nxf8 Qf4+ 29. Kd1 Bxf8 30. Rf1 Qe4 31. Qxe4 dxe4 32. Rb2 e3 33. Ke2 Bc5 34.
e6 Bc6 35. Rf5 Re8 36. Re5 Kf8 37. Rb1 Ke7 38. Rg5 g6 39. c4 Rd8 40. Rxc5 bxc5
41. Kxe3 Rd4 42. Rb8 Kxe6 43. Rc8 Kd7 44. Rg8 Rxg4 45. Rg7+ Kd6 46. Rxa7 Rxc4
47. Rg7 Rxh4 48. a7 Ra4 49. Rxg6+ Kc7 50. Kd2 Rxa7 0-1

[Event "XIX C.to Italiano U20"]
[Site "Montecatini Terme ITA"]
[Date "2011.08.04"]
[Round "6"]
[White "Palazzotto, Roberto"]
[Black "Franciosi, Fausto"]
[WhiteElo "1914"]
[BlackElo "2066"]
[Result "0-1"]
[PlyCount "62"]
[EventDate "2011.07.31"]

1. d4 d6 2. e4 Nf6 3. Nc3 e5 4. Nf3 Nbd7 5. Bc4 Be7 6. O-O O-O 7. Re1 c6 8. a4
b6 9. h3 a6 10. d5 c5 11. Qd3 Nh5 12. Ne2 Re8 13. g4 Nhf6 14. Ng3 g6 15. g5 Nh5
16. Nxh5 gxh5 17. Qe2 Nf8 18. Nh2 Bxg5 19. Qxh5 Bxc1 20. Raxc1 Ng6 21. Re3 Qh4
22. Qxh4 Nxh4 23. Rg3+ Kh8 24. Be2 Bd7 25. b3 f5 26. exf5 Nxf5 27. Rg2 Nd4 28.
Bh5 Bxh3 29. Rg3 Rg8 30. c3 Nf5 31. Bf7 Nxg3 0-1

[Event "XIX C.to Italiano U20"]
[Site "Montecatini Terme ITA"]
[Date "2011.08.04"]
[Round "6"]
[White "Testa, Adriano"]
[Black "Altini, Nicola"]
[WhiteElo "2269"]
[BlackElo "2267"]
[Result "1-0"]
[PlyCount "95"]
[EventDate "2011.07.31"]

1. d4 d5 2. c4 c6 3. Nf3 Nf6 4. e3 Bf5 5. Nc3 e6 6. Nh4 Bg4 7. Qb3 b6 8. h3 Bh5
9. g4 Ne4 10. Nxe4 Qxh4 11. cxd5 exd5 12. Bg2 Bg6 13. Nc3 Nd7 14. e4 dxe4 15.
Nxe4 Be7 16. Bf4 Bxe4 17. Bxe4 Qf6 18. Qf3 Rc8 19. O-O Bd6 20. Bxd6 Qxd6 21.
Rac1 O-O 22. Rxc6 Rxc6 23. Bxc6 Nf6 24. Rd1 h6 25. d5 Rd8 26. Kg2 Qe5 27. Rd2
Qd6 28. a3 g6 29. Rd4 Kg7 30. Qe3 Ng8 31. Re4 Nf6 32. Re5 Rc8 33. b4 Rd8 34. b5
Rc8 35. a4 Qb4 36. Re7 Qxa4 37. Qe5 a6 38. bxa6 Rxc6 39. dxc6 Qxc6+ 40. Kh2 Qc2
41. Qe2 Qa4 42. a7 h5 43. g5 Qf4+ 44. Kh1 Qc1+ 45. Qe1 Qc6+ 46. Kg1 Nd5 47.
Qe5+ Kf8 48. Re8+ 1-0

[Event "XIX C.to Italiano U20"]
[Site "Montecatini Terme ITA"]
[Date "2011.08.05"]
[Round "7"]
[White "Codenotti, Marco"]
[Black "De Filomeno, Simone"]
[WhiteElo "2323"]
[BlackElo "2300"]
[Result "1-0"]
[PlyCount "64"]
[EventDate "2011.07.31"]

1. e4 c5 2. Nf3 Nc6 3. c3 Nf6 4. e5 Nd5 5. Bc4 Nb6 6. Bb3 d5 7. exd6 Qxd6 8.
Na3 Bf5 9. d4 cxd4 10. Nb5 Qd7 11. Nbxd4 Bg6 12. O-O e6 13. Qe2 Nxd4 14. Nxd4
Bc5 15. Rd1 Bxd4 16. Rxd4 Qc6 17. h4 O-O 18. h5 Bf5 19. g4 e5 20. Rb4 Be6 21.
Qe4 Nd5 22. h6 Rfe8 23. Ba4 Qd6 24. Rxb7 Reb8 25. Rxb8+ Rxb8 26. g5 Ne7 27. Be3
Bd5 28. Qg4 Rxb2 29. Rd1 Qc7 30. c4 Be6 31. Qe4 Rxa2 32. Qxe5 Kf8 1-0

[Event "XIX C.to Italiano U20"]
[Site "Montecatini Terme ITA"]
[Date "2011.08.05"]
[Round "7"]
[White "Dappiano, Andrea"]
[Black "Gallucci, Alessio"]
[WhiteElo "2072"]
[BlackElo "2213"]
[Result "0-1"]
[PlyCount "72"]
[EventDate "2011.07.31"]

1. c4 Nf6 2. Nc3 c5 3. e4 d6 4. g3 Nc6 5. Bg2 Bg4 6. f3 Bd7 7. Nge2 h5 8. h4 e5
9. d3 Nd4 10. Nxd4 cxd4 11. Nd5 Nxd5 12. cxd5 Be7 13. f4 Rc8 14. Bf3 Qa5+ 15.
Bd2 Qa6 16. Qb3 Rc5 17. Ke2 g6 18. Rhc1 Rb5 19. Qc4 f5 20. b4 Qa3 21. Qb3 Qxb3
22. axb3 a6 23. Ra5 Bd8 24. Rxb5 Bxb5 25. fxe5 dxe5 26. d6 Kd7 27. exf5 gxf5
28. Bxb7 Rg8 29. Kf2 Bxd3 30. Ra1 f4 31. Bxa6 Rxg3 32. Bxd3 Rxd3 33. Ke2 Rxb3
34. Ra7+ Kxd6 35. Rh7 f3+ 36. Kd1 Rb1+ 0-1

[Event "XIX C.to Italiano U20"]
[Site "Montecatini Terme ITA"]
[Date "2011.08.05"]
[Round "7"]
[White "Franciosi, Fausto"]
[Black "Maurizio, Antonio"]
[WhiteElo "2066"]
[BlackElo "2001"]
[Result "1/2-1/2"]
[PlyCount "38"]
[EventDate "2011.07.31"]

1. d4 d5 2. c4 e6 3. Nc3 Be7 4. Nf3 Nf6 5. Bf4 c5 6. e3 O-O 7. dxc5 Bxc5 8.
cxd5 exd5 9. Be2 Nc6 10. O-O Be6 11. Ne5 Bd6 12. Nxc6 bxc6 13. Bxd6 Qxd6 14.
Rc1 c5 15. Bf3 Rab8 16. b3 Rfc8 17. Qd2 Qe5 18. Rfd1 c4 19. bxc4 dxc4 1/2-1/2

[Event "XIX C.to Italiano U20"]
[Site "Montecatini Terme ITA"]
[Date "2011.08.05"]
[Round "7"]
[White "Guidi, Giacomo G."]
[Black "Carlomagno, Vincenzo"]
[WhiteElo "1983"]
[BlackElo "1893"]
[Result "1-0"]
[PlyCount "67"]
[EventDate "2011.07.31"]

1. Nf3 Nf6 2. g3 g6 3. Bg2 Bg7 4. O-O O-O 5. d3 d6 6. e4 Nbd7 7. c3 c6 8. Re1
Qc7 9. d4 e5 10. h3 Re8 11. Qc2 b6 12. c4 Bb7 13. dxe5 dxe5 14. Be3 Bf8 15. a3
a5 16. Rc1 Bc5 17. Bh6 Nf8 18. Ng5 N6d7 19. Nc3 f6 20. Nf3 Ne6 21. Rab1 Nd4 22.
Qd1 Red8 23. b4 axb4 24. axb4 Be7 25. Nh4 Nf8 26. Kh1 Nf5 27. exf5 Rxd1+ 28.
Rxd1 gxf5 29. Nxf5 Ne6 30. b5 cxb5 31. Nd5 Bxd5 32. Bxd5 Ra2 33. Bxe6+ Kh8 34.
Bg7# 1-0

[Event "XIX C.to Italiano U20"]
[Site "Montecatini Terme ITA"]
[Date "2011.08.05"]
[Round "7"]
[White "Sagripanti, Michele"]
[Black "Altini, Nicola"]
[WhiteElo "1990"]
[BlackElo "2267"]
[Result "1-0"]
[PlyCount "105"]
[EventDate "2011.07.31"]

1. d4 d5 2. c4 c6 3. Nf3 Nf6 4. Nc3 dxc4 5. a4 Bf5 6. e3 e6 7. Bxc4 Bb4 8. Bd2
Nbd7 9. O-O O-O 10. Qe2 Bg6 11. Rfd1 Qe7 12. Rac1 e5 13. Nh4 Bh5 14. Nf5 Qd8
15. f3 exd4 16. Nxd4 Re8 17. Qf2 Ne5 18. Be2 Qe7 19. e4 Bg6 20. Be3 h5 21. Nb3
b6 22. Rc2 Bxc3 23. bxc3 Qa3 24. Nc1 Rad8 25. Rxd8 Rxd8 26. Bd4 Qe7 27. Qg3
Nfd7 28. Rd2 h4 29. Qf4 Re8 30. Qe3 Bh5 31. Qf2 Ng6 32. g3 Ngf8 33. Nd3 Ne6 34.
Be3 Ndc5 35. Nxc5 Nxc5 36. Bxc5 bxc5 37. g4 Bg6 38. Qe3 Qe5 39. Qd3 Qf4 40. Kg2
f6 41. Qd6 Qe3 42. Bc4+ Kh7 43. Qd3 Rxe4 44. Re2 h3+ 45. Kxh3 Qh6+ 46. Kg2
Rxg4+ 47. fxg4 Bxd3 48. Bxd3+ Kg8 49. Be4 Qf4 50. h3 Kf7 51. Bxc6 Qc1 52. Be8+
Kf8 53. Bg6 1-0

[Event "XIX C.to Italiano U20"]
[Site "Montecatini Terme ITA"]
[Date "2011.08.06"]
[Round "8"]
[White "Altini, Nicola"]
[Black "Fuochi, Tommaso"]
[WhiteElo "2267"]
[BlackElo "1805"]
[Result "1/2-1/2"]
[PlyCount "238"]
[EventDate "2011.07.31"]

1. e4 e6 2. d3 d5 3. Nd2 c5 4. Ngf3 Nc6 5. g3 Bd6 6. Bg2 Nge7 7. O-O Qc7 8. Nh4
O-O 9. f4 f6 10. Nhf3 a6 11. Re1 Qd8 12. c3 b5 13. e5 fxe5 14. fxe5 Bc7 15. d4
Bb6 16. Nb3 cxd4 17. cxd4 Bd7 18. Be3 Nf5 19. Bf2 Rc8 20. a3 Na5 21. Nxa5 Bxa5
22. b4 Bb6 23. Rc1 Qe7 24. Rxc8 Rxc8 25. Qd2 Qd8 26. g4 Nh6 27. h3 Qc7 28. Be3
Nf7 29. Qf2 Qc3 30. Rf1 Qc7 31. Ng5 Nxg5 32. Bxg5 Bc6 33. h4 h6 34. Be3 Qe7 35.
Qg3 a5 36. g5 h5 37. g6 Rf8 38. Rxf8+ Kxf8 39. Qf3+ Ke8 40. Qxh5 axb4 41. Qh8+
Qf8 42. Qxf8+ Kxf8 43. axb4 Bd8 44. h5 Be7 45. Bd2 Kg8 46. Bh3 Bd7 47. Kg2 Bf8
48. Kg3 Be7 49. Kg4 Be8 50. Bf1 Bf8 51. Bd3 Be7 52. Kf3 Bf8 53. Ke2 Bd7 54. Kd1
Be8 55. Ke1 Kh8 56. Kf2 Kg8 57. Kg3 Kh8 58. Kg4 Kg8 59. Bc2 Kh8 60. Bb3 Bd7 61.
Kf3 Kg8 62. Ke3 Be7 63. Kd3 Bf8 64. Kc3 Be7 65. Bc2 Be8 66. h6 gxh6 67. Bxh6
Bh4 68. Bd3 Be1+ 69. Bd2 Bf2 70. Bh6 Be1+ 71. Bd2 Bf2 72. Bg5 Be1+ 73. Bd2 Bf2
74. Bc1 Be1+ 75. Kb3 Bf2 76. Bb2 Kg7 77. Bc3 Bg1 78. Kb2 Be3 79. Kb3 Bf2 80.
Bb2 Kg8 81. Kc2 Be3 82. Kd1 Kg7 83. Ke2 Bg5 84. Bc3 Be7 85. Bd2 Bd8 86. Kf3 Bh4
87. Bc3 Bg5 88. Be1 Bc1 89. Bc3 Bg5 90. Kg4 Be3 91. Kf3 Bc1 92. Ke2 Bg5 93. Bd2
Be7 94. Kf3 Bh4 95. Kg2 Bd7 96. Bc3 Be8 97. Kf1 Bd7 98. Be1 Bg5 99. Ke2 Be8
100. Bd2 Bh4 101. Kf3 Bd7 102. Bc3 Bg5 103. Kg4 Be3 104. Kf3 Bg5 105. Be1 Bc1
106. Bc3 Bg5 107. Ke2 Be8 108. Bd2 Bh4 109. Be3 Be7 110. Bd2 Bh4 111. Kf3 Bd7
112. Ke2 Be8 113. Be1 Bg5 114. Bd2 Bh4 115. Be3 Bd7 116. Bf2 Bg5 117. Be3 Bh4
118. Bd2 Be8 119. Kf3 Bd7 1/2-1/2

[Event "XIX C.to Italiano U20"]
[Site "Montecatini Terme ITA"]
[Date "2011.08.06"]
[Round "8"]
[White "Caprio, Guido"]
[Black "Franciosi, Fausto"]
[WhiteElo "2312"]
[BlackElo "2066"]
[Result "1-0"]
[PlyCount "65"]
[EventDate "2011.07.31"]

1. e4 d6 2. Nc3 Nf6 3. f4 d5 4. e5 d4 5. Nce2 Nd5 6. Nxd4 Nxf4 7. Ndf3 c6 8. d4
Ne6 9. Bc4 g6 10. Nh3 Bg7 11. Nhg5 O-O 12. Bxe6 Bxe6 13. Nxe6 fxe6 14. c3 c5
15. Be3 Nc6 16. O-O Qd5 17. Qd2 Rad8 18. Rf2 cxd4 19. cxd4 Rf5 20. b3 Qe4 21.
Qe2 Nxd4 22. Bxd4 Rxd4 23. Nxd4 Qxd4 24. Re1 Bxe5 25. Kf1 Rxf2+ 26. Qxf2 Qxf2+
27. Kxf2 Bd4+ 28. Kf3 Kf7 29. Ke4 e5 30. Kd5 b6 31. Rf1+ Kg7 32. Ke6 e4 33. Rf4
1-0

[Event "XIX C.to Italiano U20"]
[Site "Montecatini Terme ITA"]
[Date "2011.08.06"]
[Round "8"]
[White "De Filomeno, Simone"]
[Black "Guidi, Giacomo G."]
[WhiteElo "2300"]
[BlackElo "1983"]
[Result "1-0"]
[PlyCount "145"]
[EventDate "2011.07.31"]

1. e4 c5 2. Nf3 Nc6 3. d4 cxd4 4. Nxd4 Nf6 5. Nc3 e5 6. Ndb5 d6 7. Bg5 a6 8.
Na3 b5 9. Bxf6 gxf6 10. Nd5 Bg7 11. g3 f5 12. Bg2 O-O 13. exf5 Bxf5 14. Ne3 Bd7
15. Qxd6 Rc8 16. O-O Nd4 17. c3 Nf5 18. Qxa6 Nxe3 19. fxe3 Qg5 20. Qa7 Be6 21.
Nxb5 Rcd8 22. Rfd1 h5 23. Rxd8 Rxd8 24. Nc7 Bc4 25. b3 Be2 26. Re1 Rd2 27. Nd5
h4 28. Qe7 f6 29. Qd8+ Kf7 30. Qd7+ Kf8 31. Nf4 exf4 32. Qxd2 f3 33. Rxe2 fxe2
34. Qxe2 hxg3 35. hxg3 Qxg3 36. Kf1 Bh6 37. Qf3 Qe5 38. Qa8+ Kg7 39. Qb7+ Kf8
40. Qb4+ Kg7 41. Qb7+ Kf8 42. Bd5 Qf5+ 43. Ke1 Qb1+ 44. Kd2 Qxa2+ 45. Kd3 Qb1+
46. Kc4 Qg6 47. Qc8+ Qe8 48. Qxe8+ Kxe8 49. e4 Kd7 50. Bg8 Kc6 51. Bh7 Bf4 52.
Bf5 Be5 53. b4 Kb6 54. Kb3 Bg3 55. c4 Bf2 56. c5+ Kc6 57. Kc4 Kc7 58. b5 Bg1
59. Be6 Bf2 60. b6+ Kc6 61. Bd5+ Kd7 62. Kb5 Be3 63. c6+ Kc8 64. Be6+ Kd8 65.
c7+ Ke7 66. c8=Q f5 67. Qd7+ Kf6 68. Qf7+ Ke5 69. Qxf5+ Kd4 70. Qd5+ Kc3 71.
Qe5+ Bd4 72. Qxd4+ Kxd4 73. Bd5 1-0

[Event "XIX C.to Italiano U20"]
[Site "Montecatini Terme ITA"]
[Date "2011.08.06"]
[Round "8"]
[White "Gallucci, Alessio"]
[Black "Cinque, Antonio"]
[WhiteElo "2213"]
[BlackElo "1951"]
[Result "1-0"]
[PlyCount "116"]
[EventDate "2011.07.31"]

1. e4 e6 2. d4 d5 3. Nc3 Nf6 4. e5 Nfd7 5. f4 c5 6. Nf3 Nc6 7. Be3 a6 8. Qd2
cxd4 9. Nxd4 Nxd4 10. Bxd4 Bc5 11. Ne2 O-O 12. O-O-O Qc7 13. Qe3 b5 14. h4 Bb7
15. Rh3 Rfc8 16. Kb1 b4 17. Rc1 a5 18. Bxc5 Nxc5 19. Nd4 Ba6 20. Bxa6 Rxa6 21.
Nb5 Qb6 22. Nd6 Rb8 23. Rg3 Nb7 24. Qxb6 Rxb6 25. Nxb7 R8xb7 26. h5 Kf8 27. b3
Rc6 28. Rd1 Rbc7 29. Rd2 Rc3 30. Rgd3 Ke7 31. g4 Rc8 32. Kb2 h6 33. Kb1 R8c5
34. Kc1 Rc8 35. Kd1 R3c5 36. Rd4 Rc3 37. R4d3 R3c5 38. Kc1 R8c7 39. Kb1 Rc8 40.
Rf2 Rc3 41. Rfd2 R3c5 42. Kc1 R8c7 43. Kd1 Rc8 44. Rg3 Rc3 45. Rxc3 Rxc3 46.
Rd3 Rc8 47. Kd2 f6 48. exf6+ gxf6 49. c3 bxc3+ 50. Rxc3 Rxc3 51. Kxc3 e5 52.
fxe5 fxe5 53. a3 Ke6 54. b4 d4+ 55. Kd2 axb4 56. axb4 e4 57. b5 Kd5 58. b6 Kc6
1-0

[Event "XIX C.to Italiano U20"]
[Site "Montecatini Terme ITA"]
[Date "2011.08.06"]
[Round "8"]
[White "Maurizio, Antonio"]
[Black "Testa, Adriano"]
[WhiteElo "2001"]
[BlackElo "2269"]
[Result "1-0"]
[PlyCount "111"]
[EventDate "2011.07.31"]

1. d4 d5 2. Nf3 Nf6 3. e3 Nbd7 4. Bd3 c5 5. c3 Qc7 6. Nbd2 g6 7. O-O Bg7 8. Qe2
O-O 9. e4 dxe4 10. Nxe4 Nxe4 11. Qxe4 cxd4 12. cxd4 Nf6 13. Qh4 Rd8 14. Bg5 Be6
15. Rfe1 Rac8 16. Rxe6 fxe6 17. Re1 Qd7 18. Be3 Qd5 19. Ne5 Nd7 20. Nf3 Nf8 21.
Be4 Qd7 22. Qg5 Bf6 23. Qg3 Qe8 24. h4 Qf7 25. h5 Qg7 26. h6 Qf7 27. Bxb7 Rc2
28. Rb1 Rd7 29. Be4 Rc8 30. b4 Rcd8 31. a4 Bxd4 32. Nxd4 Rxd4 33. Bxd4 Rxd4 34.
Qe3 e5 35. Bf3 Qf4 36. Qxf4 exf4 37. a5 Nd7 38. b5 e5 39. Rd1 Rxd1+ 40. Bxd1
Kf8 41. Be2 Ke7 42. b6 Nxb6 43. axb6 axb6 44. Bc4 b5 45. Bxb5 Kf6 46. Bc6 Kg5
47. Kf1 Kxh6 48. Ke2 Kg5 49. Kf3 Kf5 50. Bd7+ Kf6 51. Ke4 h6 52. f3 Kg5 53.
Kxe5 h5 54. Bc6 Kh4 55. Kxf4 g5+ 56. Kf5 1-0

[Event "XIX C.to Italiano U20"]
[Site "Montecatini Terme ITA"]
[Date "2011.08.06"]
[Round "8"]
[White "Sagripanti, Michele"]
[Black "Codenotti, Marco"]
[WhiteElo "1990"]
[BlackElo "2323"]
[Result "0-1"]
[PlyCount "54"]
[EventDate "2011.07.31"]

1. d4 Nf6 2. Nf3 g6 3. g3 Bg7 4. Bg2 d5 5. O-O O-O 6. b3 c5 7. Bb2 Nc6 8. dxc5
Qa5 9. Nbd2 Qxc5 10. Rc1 Rd8 11. e3 Qa5 12. a3 Ne4 13. b4 Qa6 14. c3 Bd7 15.
Qb3 Nxd2 16. Nxd2 Ne5 17. c4 dxc4 18. Nxc4 Nxc4 19. Bxg7 Nd2 20. Qb2 Nxf1 21.
Bxf1 b5 22. Bd4 Rac8 23. Bc5 Qe6 24. Bxa7 Rxc1 25. Qxc1 Bc6 26. Bd4 Qe4 27. f3
Qxf3 0-1

[Event "XIX C.to Italiano U20"]
[Site "Montecatini Terme ITA"]
[Date "2011.08.07"]
[Round "9"]
[White "Codenotti, Marco"]
[Black "Carlomagno, Vincenzo"]
[WhiteElo "2323"]
[BlackElo "1893"]
[Result "1-0"]
[PlyCount "123"]
[EventDate "2011.07.31"]

1. e4 c5 2. Nf3 d6 3. d4 cxd4 4. Nxd4 Nf6 5. Nc3 a6 6. Be3 e5 7. Nb3 Be6 8. Be2
Nbd7 9. O-O Be7 10. Qd2 O-O 11. Rad1 b5 12. f3 Qc7 13. Rf2 Nb6 14. Bg5 Rfd8 15.
Bxf6 Bxf6 16. Nd5 Bxd5 17. exd5 Na4 18. c3 Nc5 19. Bd3 Re8 20. Be4 g6 21. Qe3
Nxb3 22. axb3 Bg7 23. Bd3 b4 24. Rc2 Qb7 25. c4 e4 26. fxe4 f5 27. Re2 fxe4 28.
Bxe4 Qa7 29. Qxa7 Rxa7 30. g3 Rae7 31. Rde1 Bd4+ 32. Kg2 Kg7 33. h4 h6 34. g4
Bf6 35. Kh3 a5 36. Kg3 Bd4 37. h5 g5 38. Kf3 Kf6 39. Rd1 Bc5 40. Ra1 Ra7 41.
Bf5 Rxe2 42. Kxe2 Bd4 43. Be6 Bc5 44. Kd3 Kg7 45. Bc8 Ra8 46. Bf5 Kf8 47. Rf1
Kg7 48. Re1 Rf8 49. Ra1 Ra8 50. Re1 Rf8 51. Re4 Bb6 52. Ke2 Bc5 53. Kf3 Rf6 54.
Kg3 Rf8 55. Re2 Bd4 56. Re7+ Rf7 57. Re4 Bc5 58. Re2 Rf6 59. Bg6 Bd4 60. Re7+
Kg8 61. Bf5 Rf7 62. Be6 1-0

[Event "XIX C.to Italiano U20"]
[Site "Montecatini Terme ITA"]
[Date "2011.08.07"]
[Round "9"]
[White "Franciosi, Fausto"]
[Black "Albertini, Luca"]
[WhiteElo "2066"]
[BlackElo "1986"]
[Result "1/2-1/2"]
[PlyCount "23"]
[EventDate "2011.07.31"]

1. Nf3 Nf6 2. g3 g6 3. Bg2 Bg7 4. O-O O-O 5. d3 d5 6. Nbd2 Nbd7 7. e4 dxe4 8.
dxe4 e5 9. Qe2 Qe7 10. a4 a5 11. Nc4 b6 12. b3 1/2-1/2

[Event "XIX C.to Italiano U20"]
[Site "Montecatini Terme ITA"]
[Date "2011.08.07"]
[Round "9"]
[White "Gallucci, Alessio"]
[Black "Sagripanti, Michele"]
[WhiteElo "2213"]
[BlackElo "1990"]
[Result "1-0"]
[PlyCount "71"]
[EventDate "2011.07.31"]

1. c4 Nf6 2. Nc3 g6 3. g3 Bg7 4. Bg2 O-O 5. Nf3 d6 6. O-O Nbd7 7. d4 e5 8. e4
h6 9. b3 Re8 10. Bb2 exd4 11. Nxd4 Nc5 12. f3 a5 13. Kh1 Be6 14. Nce2 Qd7 15.
Nf4 Kh7 16. Ndxe6 Nxe6 17. Bh3 Qd8 18. Nxe6 fxe6 19. Qc2 Qe7 20. e5 dxe5 21.
Bxe5 Nd7 22. Bxg7 Qxg7 23. f4 Re7 24. c5 b6 25. cxb6 cxb6 26. Qc6 Rae8 27. Rad1
g5 28. Rd6 g4 29. Bg2 e5 30. Be4+ Kg8 31. Rg6 exf4 32. Rxg7+ Kxg7 33. Qg6+ Kh8
34. Rxf4 Ne5 35. Qxh6+ Kg8 36. Bd5+ 1-0

[Event "XIX C.to Italiano U20"]
[Site "Montecatini Terme ITA"]
[Date "2011.08.07"]
[Round "9"]
[White "Maurizio, Antonio"]
[Black "Caprio, Guido"]
[WhiteElo "2001"]
[BlackElo "2312"]
[Result "0-1"]
[PlyCount "58"]
[EventDate "2011.07.31"]

1. d4 Nf6 2. Nf3 d5 3. c4 c6 4. cxd5 cxd5 5. Nc3 Nc6 6. Bf4 a6 7. e3 Bg4 8. Be2
e6 9. Ne5 Nxe5 10. Bxe5 Bxe2 11. Qxe2 Bb4 12. O-O O-O 13. Rac1 Nd7 14. Bg3 Rc8
15. Nb1 Qa5 16. b3 h5 17. h4 Be7 18. f3 Nb8 19. Qd2 Qxd2 20. Nxd2 Nc6 21. Rc3
Bb4 22. Rc2 Nxd4 23. Rxc8 Rxc8 24. exd4 Bxd2 25. Bf2 Rc2 26. a4 Bc3 27. Rd1 b5
28. axb5 axb5 29. Be1 b4 0-1

[Event "XIX C.to Italiano U20"]
[Site "Montecatini Terme ITA"]
[Date "2011.08.07"]
[Round "9"]
[White "Testa, Adriano"]
[Black "De Filomeno, Simone"]
[WhiteElo "2269"]
[BlackElo "2300"]
[Result "1-0"]
[PlyCount "65"]
[EventDate "2011.07.31"]

1. d4 d5 2. Nf3 Nf6 3. g3 Bg4 4. Bg2 c6 5. O-O e6 6. b3 a5 7. Ne5 Bf5 8. a4
Nbd7 9. Nd3 Bd6 10. Bf4 Bxf4 11. gxf4 Rg8 12. Qd2 g5 13. f3 g4 14. Nc3 Qb6 15.
Ne5 Ke7 16. fxg4 Nxg4 17. Nxg4 Rxg4 18. Kh1 Nf6 19. Bf3 Rh4 20. e3 Rg8 21. Rg1
Bg4 22. Qf2 Rh3 23. Bg2 Rh5 24. e4 Bf5 25. Bf3 Nxe4 26. Nxe4 Rh3 27. Rxg8 dxe4
28. Bg2 e3 29. Qe2 Qxd4 30. Rd1 Qxf4 31. Bxh3 Bxh3 32. Rg3 Qe4+ 33. Kg1 1-0